NFL Receiving Yards Leaders by Season - Statistics

General Stats
  • This quiz has been taken 176 times
    64 since last reset
  • The average score is 21 of 26
Answer Stats
Year Team Yards Player % Correct
2017 Steelers 1,533 Antonio Brown
98%
2014 Steelers 1,698 Antonio Brown
98%
2012 Lions 1,964 Calvin Johnson
98%
2011 Lions 1,681 Calvin Johnson
98%
2021 Rams 1,947 Cooper Kupp
98%
2018 Falcons 1,677 Julio Jones
98%
2015 Falcons 1,871 Julio Jones
98%
2009 Texans 1,569 Andre Johnson
96%
2008 Texans 1,575 Andre Johnson
96%
2006 Bengals 1,369 Chad Johnson
96%
2024 Bengals 1,708 Ja'Marr Chase
96%
2025 Seahawks 1,793 Jaxon Smith-Njigba
96%
2020 Bills 1,535 Stefon Diggs
96%
2023 Dolphins 1,799 Tyreek Hill
96%
2022 Vikings 1,809 Justin Jefferson
95%
2005 Panthers 1,562 Steve Smith
87%
2019 Saints 1,725 Michael Thomas
85%
2002 Colts 1,722 Marvin Harrison
82%
2016 Colts 1,448 T.Y. Hilton
69%
2013 Browns 1,646 Josh Gordon
64%
2003 Rams 1,696 Torry Holt
64%
2000 Rams 1,635 Torry Holt
64%
2007 Colts 1,510 Reggie Wayne
60%
2004 Panthers 1,405 Muhsin Muhammad
36%
2001 Cardinals 1,598 David Boston
25%
2010 Broncos 1,448 Brandon Lloyd
22%
No matching quizzes found
Score Distribution
Percent of People with Each Score
Percentile by Number Answered
Your Score History
You have not taken this quiz since the last reset